[Event "Kandidatenturnier"]
[Site "Tübingen"]
[Date "2007.08.26"]
[Round "2"]
[White "Reichel, Jonathan"]
[Black "Birkholz, Axel"]
[Result "1/2-1/2"]
[WhiteElo "1882"]
[BlackElo "2008"]
[PlyCount "34"]
[EventDate "2007.??.??"]

1. d4 Nf6 2. c4 g6 3. Nc3 Bg7 4. Nf3 O-O 5. g3 d6 6. Bg2 c6 7. O-O Qc7 8. Qb3
Nbd7 9. Bd2 a6 10. Rac1 b6 11. Rfd1 Bb7 12. Ng5 c5 13. Nd5 Nxd5 14. cxd5 Bxd4
15. h4 Bg7 16. h5 h6 17. Nh3 g5 1/2-1/2

[Event "Kandidatenturnier"]
[Site "Tübingen"]
[Date "2007.08.26"]
[Round "2"]
[White "Klaus, Daniel"]
[Black "Kaulich, Philipp Theodor"]
[Result "1-0"]
[WhiteElo "1994"]
[BlackElo "1576"]
[PlyCount "88"]
[EventDate "2007.??.??"]

1. e4 e6 2. d4 d5 3. Nc3 Bb4 4. e5 c5 5. a3 Bxc3+ 6. bxc3 Qc7 7. Nf3 b6 8. Bd3
Ba6 9. O-O Bxd3 10. Qxd3 Ne7 11. a4 O-O 12. Ng5 Ng6 13. h4 h6 14. Nxe6 fxe6 15.
Qxg6 Qf7 16. Qg3 Kh8 17. Be3 Nd7 18. Qg4 Rac8 19. Qe2 Rc6 20. a5 Rfc8 21. axb6
axb6 22. Ra7 cxd4 23. Bxd4 R6c7 24. Qa6 Rxa7 25. Qxa7 Nxe5 26. Qa6 Nf3+ 27.
gxf3 Rc4 28. Qa8+ Kh7 29. Qb8 Qxf3 30. Qg3 Qf7 31. Kh2 b5 32. Rg1 Rc7 33. Qd3+
Qf5 34. Qxf5+ exf5 35. h5 Rf7 36. Rg6 f4 37. Kh3 f3 38. Kg4 Kg8 39. Rd6 Kh7 40.
Rxd5 Rb7 41. Rd6 b4 42. cxb4 Rxb4 43. Rd7 Kh8 44. Kxf3 Rb6 1-0

[Event "Kandidatenturnier"]
[Site "Tübingen"]
[Date "2007.08.26"]
[Round "2"]
[White "Bauer, Dieter"]
[Black "Hallmann, Eberhard"]
[Result "1-0"]
[WhiteElo "1860"]
[BlackElo "1985"]
[PlyCount "113"]
[EventDate "2007.??.??"]

1. d4 Nf6 2. Bg5 e6 3. e3 c6 4. c3 Be7 5. Bd3 d5 6. Nd2 Nbd7 7. f4 c5 8. Ngf3
cxd4 9. exd4 Nh5 10. Bxe7 Qxe7 11. g3 b6 12. Ne5 Nhf6 13. Qe2 Nxe5 14. fxe5 Nd7
15. O-O a5 16. Rf2 h6 17. Raf1 O-O 18. Nf3 Bb7 19. Nh4 Rad8 20. Ng2 Ra8 21. Nf4
Rad8 22. Nh5 Nb8 23. h4 Nd7 24. Qe3 f5 25. exf6 Nxf6 26. Nxf6+ Rxf6 27. Rxf6
gxf6 28. Qxh6 Qg7 29. Qxg7+ Kxg7 30. Kf2 Bc6 31. Ke3 Be8 32. Kf4 Bf7 33. g4 Re8
34. Re1 Rh8 35. Kg3 Re8 36. g5 fxg5 37. hxg5 Bg6 38. Bb5 Re7 39. Re5 Bf5 40.
Re3 Rc7 41. Kf4 Kf7 42. Ke5 Ke7 43. Rg3 Bg6 44. Rh3 Rc8 45. Be2 Rf8 46. Rf3 Rh8
47. Rf6 Bf5 48. Rh6 Rf8 49. Rf6 Rh8 50. g6 Rg8 51. Rf7+ Kd8 52. g7 Bh7 53. Kf6
Kc8 54. Bg4 Re8 55. Bxe6+ Rxe6+ 56. Kxe6 Bg8 57. Ke7 1-0

[Event "Kandidatenturnier"]
[Site "Tübingen"]
[Date "2007.08.27"]
[Round "3"]
[White "Schwerteck, Michael"]
[Black "Gnirk, Torsten"]
[Result "1/2-1/2"]
[WhiteElo "2154"]
[BlackElo "2116"]
[PlyCount "41"]
[EventDate "2007.??.??"]

1. d4 Nf6 2. Nf3 e6 3. c4 d5 4. Bg5 Nbd7 5. e3 c6 6. Nbd2 h6 7. Bh4 Be7 8. Bd3
O-O 9. O-O c5 10. Rc1 b6 11. Qe2 Bb7 12. Ne5 Nxe5 13. dxe5 Ne4 14. Bxe7 Qxe7
15. Bxe4 dxe4 16. Qg4 Qg5 17. Qxg5 hxg5 18. Rfd1 Rad8 19. Nb1 g4 20. Nc3 Bc6
21. Kf1 1/2-1/2

[Event "Kandidatenturnier"]
[Site "Tübingen"]
[Date "2007.08.27"]
[Round "3"]
[White "Werner, Bernd-Michael"]
[Black "Meschke, Andreas"]
[Result "1/2-1/2"]
[WhiteElo "2096"]
[BlackElo "2153"]
[PlyCount "35"]
[EventDate "2007.??.??"]

1. e4 e5 2. Nf3 Nc6 3. d4 exd4 4. Nxd4 Bc5 5. Be3 Qf6 6. c3 Nge7 7. Bc4 Qg6 8.
O-O Ne5 9. Be2 d6 10. f3 O-O 11. Nd2 Bd7 12. Kh1 Bb6 13. Bg1 f5 14. f4 N5c6 15.
exf5 Nxf5 16. Bh5 Qh6 17. Nxf5 Rxf5 18. Bg4 1/2-1/2

[Event "Kandidatenturnier"]
[Site "Tübingen"]
[Date "2007.08.27"]
[Round "3"]
[White "Haist, Winfried"]
[Black "Sand, Rolf"]
[Result "1/2-1/2"]
[WhiteElo "2139"]
[BlackElo "2108"]
[PlyCount "27"]
[EventDate "2007.??.??"]

1. e4 c5 2. b3 d6 3. Bb2 e5 4. f4 Nc6 5. Nf3 exf4 6. Bc4 Be6 7. Qe2 Nf6 8. e5
Bxc4 9. bxc4 dxe5 10. Nxe5 Qe7 11. Nxc6 Qxe2+ 12. Kxe2 bxc6 13. Kf3 Be7 14. Re1
1/2-1/2

[Event "Kandidatenturnier"]
[Site "Tübingen"]
[Date "2007.08.27"]
[Round "3"]
[White "Huhn, Stefan"]
[Black "Guski, Dietmar"]
[Result "1-0"]
[WhiteElo "2075"]
[BlackElo "2093"]
[PlyCount "71"]
[EventDate "2007.??.??"]

1. d4 Nf6 2. Bg5 c5 3. Bxf6 gxf6 4. d5 Qb6 5. Qc1 f5 6. e3 Bg7 7. c3 e6 8. Bc4
d6 9. Ne2 e5 10. a4 a6 11. Nd2 Qd8 12. Qc2 Qf6 13. Ng3 h5 14. h4 e4 15. Ne2 Nd7
16. Nf4 Ne5 17. Be2 Ng4 18. Bxg4 hxg4 19. g3 Bd7 20. Nc4 b5 21. Nb6 Ra7 22.
Nxd7 Rxd7 23. axb5 axb5 24. Kd2 O-O 25. Ra6 Rb8 26. Rha1 Bh6 27. Ra8 Rdb7 28.
Rxb8+ Rxb8 29. Ra6 Qe5 30. Ke1 Bxf4 31. exf4 Qxd5 32. Qd1 Qc4 33. Rxd6 b4 34.
Qd5 Qb5 35. Rg6+ Kh8 36. Qe5+ 1-0

[Event "Kandidatenturnier"]
[Site "Tübingen"]
[Date "2007.08.27"]
[Round "3"]
[White "Reck, Moritz"]
[Black "Hadziselimovic, Adnan"]
[Result "0-1"]
[WhiteElo "2111"]
[BlackElo "1687"]
[PlyCount "64"]
[EventDate "2007.??.??"]

1. c4 c6 2. Nc3 d5 3. cxd5 cxd5 4. d3 Nf6 5. g3 e6 6. Bg2 Be7 7. Nf3 Nbd7 8.
O-O O-O 9. h3 a6 10. e4 dxe4 11. dxe4 e5 12. Be3 b5 13. Nd2 Bb7 14. f4 Bc5 15.
Bxc5 Nxc5 16. fxe5 Qd4+ 17. Kh2 Qxe5 18. Rf5 Qc7 19. Rc1 Nd3 20. Rxf6 gxf6 21.
Qg4+ Kh8 22. Rf1 Rg8 23. Qh4 Rg6 24. Nd5 Bxd5 25. exd5 Rag8 26. Ne4 Qe5 27.
Rxf6 Rxf6 28. Nxf6 Rg7 29. Nh5 Rg5 30. Nf4 Ne1 31. Be4 Qxe4 32. Ng6+ Qxg6 0-1

[Event "Kandidatenturnier"]
[Site "Tübingen"]
[Date "2007.08.27"]
[Round "3"]
[White "Klaus, Daniel"]
[Black "Ruprich, Udo"]
[Result "1-0"]
[WhiteElo "1994"]
[BlackElo "2061"]
[PlyCount "97"]
[EventDate "2007.??.??"]

1. e4 e5 2. Nf3 d6 3. d4 exd4 4. Nxd4 Nf6 5. Nc3 Be7 6. Be2 O-O 7. O-O Nc6 8.
Nxc6 bxc6 9. f4 Nd7 10. Bc4 Bf6 11. Qf3 Nb6 12. Bb3 Bd4+ 13. Kh1 Ba6 14. Re1
Qf6 15. Nd1 Rae8 16. c3 Bc5 17. Bc2 d5 18. e5 Qh4 19. g3 Qd8 20. a4 Bb7 21. Qd3
f5 22. a5 Nd7 23. b4 Be7 24. Bb3 Kh8 25. Ne3 d4 26. cxd4 Bxb4 27. Rd1 g6 28.
Kg1 Qe7 29. Bb2 Rd8 30. Qc4 Nf6 31. Nc2 Nd5 32. Rd3 Rfe8 33. a6 Ba8 34. Ba4 c5
35. Bxe8 Rxe8 36. Nxb4 cxb4 37. Qc5 Qd7 38. Ra5 h5 39. Bc1 c6 40. Bd2 Rb8 41.
Rb3 h4 42. Qd6 Qe8 43. Bxb4 hxg3 44. hxg3 Qg8 45. Ra2 Rd8 46. Rh2+ Kg7 47. Qc5
Rd7 48. e6 Qxe6 49. Qf8# 1-0

[Event "Kandidatenturnier"]
[Site "Tübingen"]
[Date "2007.08.27"]
[Round "3"]
[White "Dittus, Reiner"]
[Black "Schuster, Gerhard"]
[Result "0-1"]
[WhiteElo "1749"]
[BlackElo "2041"]
[PlyCount "42"]
[EventDate "2007.??.??"]

1. e4 c6 2. d4 d5 3. e5 Bf5 4. Nf3 e6 5. Be2 c5 6. c3 Nc6 7. O-O Qb6 8. Re1
cxd4 9. cxd4 Bg4 10. Be3 Nge7 11. Nc3 Nf5 12. Na4 Qa5 13. Bd2 Bb4 14. Bxb4 Qxb4
15. a3 Qe7 16. Bb5 Bxf3 17. gxf3 O-O 18. Bxc6 bxc6 19. Kh1 Qh4 20. Rg1 Qxf2 21.
Rg4 Ne3 0-1

[Event "Kandidatenturnier"]
[Site "Tübingen"]
[Date "2007.08.27"]
[Round "3"]
[White "Wiebusch, Marc"]
[Black "Hedler, Thomas"]
[Result "1-0"]
[WhiteElo "1901"]
[BlackElo "2019"]
[PlyCount "95"]
[EventDate "2007.??.??"]

1. e4 c6 2. d4 d5 3. e5 Bf5 4. Nc3 e6 5. g4 Bg6 6. Nge2 f6 7. h4 Nd7 8. Nf4 Bf7
9. Qe2 fxe5 10. dxe5 Qc7 11. Nd3 O-O-O 12. f4 h5 13. g5 Ne7 14. Bh3 g6 15. Bd2
Nf5 16. Bxf5 gxf5 17. b4 Nb6 18. a3 d4 19. Nd1 Nc4 20. Bc1 b5 21. Rg1 Bg6 22.
N3b2 Nxb2 23. Nxb2 Qb6 24. Rg3 Rh7 25. Bd2 c5 26. bxc5 Bxc5 27. Nd3 Rc7 28. a4
b4 29. a5 Qb7 30. Kf2 Qe4 31. Rc1 Qb7 32. Rb1 Kd7 33. Nxc5+ Rxc5 34. Rxb4 Qc6
35. Rxd4+ Ke8 36. Rxd8+ Kxd8 37. Rd3+ Rd5 38. Rxd5+ exd5 39. Qd3 Qc5+ 40. Kf1
Be8 41. c4 d4 42. Be3 Qc6 43. Qxd4+ Bd7 44. Qd5 Qa6 45. Bc5 Kc7 46. Kf2 Qxa5
47. Bd6+ Kb6 48. Bc7+ 1-0

[Event "Kandidatenturnier"]
[Site "Tübingen"]
[Date "2007.08.27"]
[Round "3"]
[White "Sautter, Elke"]
[Black "Bauer, Dieter"]
[Result "1-0"]
[WhiteElo "2006"]
[BlackElo "1860"]
[PlyCount "49"]
[EventDate "2007.??.??"]

1. e4 e6 2. d3 d5 3. Nd2 Nf6 4. Ngf3 b6 5. c3 a5 6. Be2 Ba6 7. e5 Nfd7 8. O-O
Be7 9. Re1 O-O 10. Nf1 c5 11. Bf4 Nc6 12. Qd2 Rc8 13. Bd1 d4 14. Ng3 Re8 15. c4
Bb7 16. Ne4 f6 17. exf6 gxf6 18. Bd6 Nf8 19. Qf4 Ng6 20. Qg3 e5 21. Bxe7 Qxe7
22. Nh4 Nb4 23. Nxg6 hxg6 24. Qxg6+ Kh8 25. Qh6+ 1-0

[Event "Kandidatenturnier"]
[Site "Tübingen"]
[Date "2007.08.27"]
[Round "3"]
[White "Kracke, Moritz"]
[Black "Deffner, Manfred"]
[Result "1-0"]
[WhiteElo "2054"]
[BlackElo "1847"]
[PlyCount "75"]
[EventDate "2007.??.??"]

1. e4 e6 2. d4 d5 3. Nd2 Nc6 4. Ngf3 Nf6 5. e5 Nd7 6. Be2 f6 7. exf6 Qxf6 8.
Nb3 Bd6 9. O-O O-O 10. Bg5 Qf7 11. Bh4 h6 12. Bg3 e5 13. dxe5 Ndxe5 14. Nxe5
Nxe5 15. Qd4 Nc6 16. Qd2 Be6 17. Bxd6 cxd6 18. Nd4 Rae8 19. c3 Bd7 20. Nb5 Qf4
21. Qxf4 Rxf4 22. Bf3 Rxf3 23. gxf3 Bh3 24. Rfe1 Rf8 25. Re3 Rf4 26. Kh1 Ne5
27. Nd4 Nc4 28. Re8+ Kf7 29. Rb8 Ne5 30. Rg1 Nd3 31. Rxb7+ Kf6 32. Rgxg7 Rh4
33. Rxa7 Nxf2+ 34. Kg1 Nd3 35. a4 Nxb2 36. Kf2 Nxa4 37. Rxa4 Kxg7 38. Ne6+ 1-0

[Event "Kandidatenturnier"]
[Site "Tübingen"]
[Date "2007.08.27"]
[Round "3"]
[White "Siegle, Florian"]
[Black "Reichel, Jonathan"]
[Result "0-1"]
[WhiteElo "2037"]
[BlackElo "1882"]
[PlyCount "74"]
[EventDate "2007.??.??"]

1. d4 Nf6 2. Nf3 c5 3. g3 cxd4 4. Nxd4 Nc6 5. Bg2 e5 6. Nxc6 bxc6 7. O-O Bc5 8.
b3 O-O 9. Bb2 Re8 10. c4 Qc7 11. Nc3 a5 12. Qc2 d5 13. Na4 Bb6 14. Rac1 d4 15.
Rcd1 Bg4 16. Kh1 Rad8 17. c5 Ba7 18. Rd2 Nd5 19. Be4 h5 20. Qc1 Qd7 21. Nb6 Qe6
22. Nxd5 cxd5 23. Bg2 h4 24. gxh4 Qh6 25. Rc2 Qxh4 26. a3 Bb8 27. c6 Bc7 28. e4
dxe3 29. fxe3 e4 30. h3 Qg3 31. Bxe4 Qxh3+ 32. Kg1 dxe4 33. Rg2 Re6 34. Qc3 Rg6
35. b4 Qxg2+ 36. Kxg2 Bf3+ 37. Kh3 Rh6# 0-1

[Event "Kandidatenturnier"]
[Site "Tübingen"]
[Date "2007.08.27"]
[Round "3"]
[White "Birkholz, Axel"]
[Black "Braun, Georg"]
[Result "1-0"]
[WhiteElo "2008"]
[BlackElo "1887"]
[PlyCount "57"]
[EventDate "2007.??.??"]

1. e4 c5 2. Nf3 d6 3. d4 cxd4 4. Nxd4 Nf6 5. Nc3 g6 6. Be3 Bg7 7. f3 O-O 8. Qd2
Nc6 9. Bc4 Bd7 10. O-O-O Rc8 11. Bb3 Ne5 12. Kb1 Nc4 13. Bxc4 Rxc4 14. h4 Qa5
15. Nb3 Qa6 16. e5 Ne8 17. Bh6 Be6 18. Bxg7 Kxg7 19. h5 f6 20. hxg6 hxg6 21.
Qh6+ Kf7 22. Qh7+ Ng7 23. Rh6 g5 24. Qg6+ Kg8 25. g4 Bxg4 26. fxg4 Rxg4 27. Rh7
Rf7 28. e6 Qc4 29. Nd5 1-0

[Event "Kandidatenturnier"]
[Site "Tübingen"]
[Date "2007.08.27"]
[Round "3"]
[White "Hallmann, Eberhard"]
[Black "Altimira Roses, Jordi"]
[Result "0-1"]
[WhiteElo "1985"]
[BlackElo "1803"]
[PlyCount "170"]
[EventDate "2007.??.??"]

1. e4 c5 2. Nf3 d6 3. Bb5+ Bd7 4. Qe2 Nc6 5. Nc3 Nf6 6. e5 dxe5 7. Nxe5 Nd4 8.
Nxd7 Nxd7 9. Qe4 Nxb5 10. Nxb5 Qb6 11. a4 g6 12. c4 Rc8 13. O-O Nf6 14. Qe5 a6
15. Nc3 Qd6 16. Qxd6 exd6 17. Re1+ Kd7 18. d3 Bg7 19. Bg5 Rhe8 20. h3 Re6 21.
Kf1 Rce8 22. Be3 Kc6 23. d4 d5 24. dxc5 dxc4 25. Rad1 Nd7 26. Nd5 Bxb2 27. Nb4+
Kc7 28. Rb1 Bg7 29. Red1 Bf8 30. c6 bxc6 31. Nxa6+ Kc8 32. Nb4 Bc5 33. Bxc5
Nxc5 34. a5 Kc7 35. Rbc1 Ra8 36. Rxc4 Rxa5 37. Rdc1 Rb5 38. Rxc5 Rxb4 39. g3
Kb6 40. R1c2 Rb1+ 41. Kg2 Rb5 42. R5c3 c5 43. Rc4 Re5 44. f4 Rd5 45. Kf2 Rb4
46. R4c3 Kb5 47. Ke3 c4 48. Ke4 Rd7 49. g4 f6 50. h4 Kc5 51. Kf3 Rd1 52. h5
gxh5 53. gxh5 Rh1 54. Kg4 Kd4 55. Kf5 Rxh5+ 56. Kxf6 Rb6+ 57. Ke7 Rc6 58. Kd7
Rcc5 59. Kd6 Rh6+ 60. Kd7 Rf6 61. Rh3 h5 62. Rd2+ Ke4 63. Re2+ Kxf4 64. Rf2+
Kg4 65. Rfh2 Rff5 66. Rh4+ Kf3 67. R2h3+ Ke2 68. Rh2+ Kd3 69. R4h3+ Kd4 70.
Rd2+ Ke4 71. Re2+ Kf4 72. Rf2+ Kg4 73. Rfh2 c3 74. Rh4+ Kg3 75. R4h3+ Kf4 76.
Rf2+ Ke4 77. Re2+ Kf4 78. Rc2 Kg4 79. Rd3 Rfd5+ 80. Rxd5 Rxd5+ 81. Ke6 Rc5 82.
Kd6 Rc8 83. Ke5 Kg3 84. Ke4 h4 85. Kd3 h3 0-1

[Event "Kandidatenturnier"]
[Site "Tübingen"]
[Date "2007.08.27"]
[Round "3"]
[White "Rix, Michael"]
[Black "Schwan, Rudi"]
[Result "0-1"]
[WhiteElo "1837"]
[BlackElo "1939"]
[PlyCount "158"]
[EventDate "2007.??.??"]

1. d4 d5 2. Nf3 Nf6 3. e3 e6 4. Bd3 Nbd7 5. O-O Bd6 6. Nbd2 O-O 7. Re1 e5 8. e4
dxe4 9. Nxe4 Nxe4 10. Bxe4 Nf6 11. dxe5 Nxe4 12. Rxe4 Be7 13. Rd4 Qe8 14. Qe2
c5 15. Rd1 Bf5 16. Bg5 Bg4 17. Bxe7 Qxe7 18. Rd3 Rad8 19. Rxd8 Rxd8 20. Re1 Qe6
21. c4 h6 22. h3 Bxf3 23. Qxf3 Qxc4 24. Qxb7 Qxa2 25. Qc7 Qd5 26. Qxa7 Qd2 27.
Qa1 Re8 28. b3 Qd5 29. Qc3 Re6 30. f4 Rb6 31. Re3 Rb4 32. f5 Rd4 33. Re1 Rd2
34. Qg3 Qd4+ 35. Kh2 Rd3 36. Qg4 Qxg4 37. hxg4 Rxb3 38. Re4 Rb4 39. Re3 Rxg4
40. g3 Rd4 41. Kg2 c4 42. Kf3 Kf8 43. Re4 Rd3+ 44. Re3 Rd4 45. Re4 Rd3+ 46. Kf4
c3 47. Rc4 g5+ 48. Kg4 Re3 49. f6 Ke8 50. Kh5 Kd7 51. Kxh6 Rxg3 52. Kg7 Ke6 53.
Rc6+ Kxe5 54. Kxf7 Kd5 55. Rc8 Rf3 56. Kg6 g4 57. f7 g3 58. Rxc3 g2 59. Rxf3
g1=Q+ 60. Kf6 Qd4+ 61. Kg5 Qg7+ 62. Kh4 Qf8 63. Rf6 Ke5 64. Rf2 Ke6 65. Kh3 Ke7
66. Kg2 Qg7+ 67. Kh1 Kf8 68. Kh2 Qh6+ 69. Kg2 Qg5+ 70. Kf1 Qg4 71. Ke1 Qc4 72.
Rf3 Qc2 73. Kf1 Qd2 74. Rf2 Qd1+ 75. Kg2 Qd3 76. Kg1 Qh3 77. Rf6 Qg3+ 78. Kf1
Qd3+ 79. Kg2 Qh7 {ZÜ} 0-1

[Event "Kandidatenturnier"]
[Site "Tübingen"]
[Date "2007.08.27"]
[Round "3"]
[White "Bajer, Renato"]
[Black "Kaulich, Philipp Theodor"]
[Result "1-0"]
[WhiteElo "1924"]
[BlackElo "1576"]
[PlyCount "79"]
[EventDate "2007.??.??"]

1. e4 e6 2. d4 d5 3. Nc3 Bb4 4. Nge2 dxe4 5. a3 Bxc3+ 6. Nxc3 f5 7. Bc4 Nf6 8.
Bf4 a6 9. Qd2 Qe7 10. O-O-O b5 11. Bb3 Bb7 12. Rhe1 Nc6 13. f3 O-O-O 14. Qf2
Nh5 15. Be3 f4 16. Bxf4 Nxf4 17. Rxe4 Rhf8 18. g3 Ng6 19. Bxe6+ Kb8 20. d5 Na7
21. f4 Qd6 22. Qd4 Rfe8 23. Qxg7 Re7 24. Qd4 Nf8 25. Qe3 Rde8 26. f5 Nxe6 27.
dxe6 Qc6 28. Red4 Nc8 29. Nd5 Qc5 30. Nxe7 Qxe7 31. Rd7 Qf6 32. Rf7 Qh8 33.
Rdd7 Nd6 34. Qc5 Rc8 35. Qxd6 Qg8 36. Rxc7 Qg5+ 37. Kb1 Qd8 38. Rxb7+ Ka8 39.
Qb8+ Rxb8 40. Ra7# 1-0

[Event "Kandidatenturnier"]
[Site "Tübingen"]
[Date "2007.08.28"]
[Round "4"]
[White "Seyrich, Maximilian"]
[Black "Schwerteck, Michael"]
[Result "1/2-1/2"]
[WhiteElo "1892"]
[BlackElo "2154"]
[PlyCount "53"]
[EventDate "2007.??.??"]

1. d4 Nf6 2. c4 c5 3. d5 b5 4. cxb5 a6 5. bxa6 g6 6. Nc3 Bxa6 7. e4 Bxf1 8.
Kxf1 d6 9. g3 Bg7 10. Nf3 Nbd7 11. Kg2 O-O 12. Re1 Ra6 13. e5 dxe5 14. Nxe5
Nxe5 15. Rxe5 Rd6 16. Bg5 h6 17. Bxf6 Bxf6 18. Re3 e6 19. Rd3 Bxc3 20. Rxc3
Rxd5 21. Qc1 Qa8 22. Kg1 Rfd8 23. Rxc5 Rd2 24. Rc2 R2d3 25. Rc3 Rd2 26. Rc2
R2d3 27. Rc3 1/2-1/2

[Event "Kandidatenturnier"]
[Site "Tübingen"]
[Date "2007.08.28"]
[Round "4"]
[White "Meschke, Andreas"]
[Black "Huhn, Stefan"]
[Result "1-0"]
[WhiteElo "2153"]
[BlackElo "2075"]
[PlyCount "95"]
[EventDate "2007.??.??"]

1. e4 c5 2. Nf3 Nc6 3. Bb5 g6 4. O-O Bg7 5. c3 Nf6 6. Re1 O-O 7. h3 a6 8. Bf1
e5 9. d4 d6 10. a4 Re8 11. dxc5 dxc5 12. Qxd8 Rxd8 13. Na3 Be6 14. Nc4 Bxc4 15.
Bxc4 Rd7 16. Bg5 h6 17. Bxf6 Bxf6 18. Rad1 Rad8 19. Rd5 Rxd5 20. exd5 Na5 21.
Ba2 c4 22. Nxe5 Rxd5 23. Nxc4 Nxc4 24. Bxc4 Rd2 25. Re2 Rxe2 26. Bxe2 a5 27. f4
Kf8 28. Kf2 Ke7 29. Bc4 Bg7 30. Ke3 f5 31. g4 fxg4 32. hxg4 g5 33. f5 Kd6 34.
Kd3 Kc5 35. Bb5 Bf6 36. Be8 Be5 37. Ke4 Bf6 38. b4+ Kd6 39. Kd3 axb4 40. cxb4
Ke5 41. Kc4 Kd6 42. a5 Be7 43. b5 Bd8 44. b6 Ke7 45. Bg6 Kd6 46. Kb5 Kd7 47. a6
bxa6+ 48. Kxa6 1-0

[Event "Kandidatenturnier"]
[Site "Tübingen"]
[Date "2007.08.28"]
[Round "4"]
[White "Gnirk, Torsten"]
[Black "Werner, Bernd-Michael"]
[Result "1/2-1/2"]
[WhiteElo "2116"]
[BlackElo "2096"]
[PlyCount "32"]
[EventDate "2007.??.??"]

1. e4 Nf6 2. Nc3 d5 3. exd5 g6 4. Bc4 Nbd7 5. Nf3 Bg7 6. h3 O-O 7. O-O Nb6 8.
Bb3 a5 9. a3 Nbxd5 10. Nxd5 Nxd5 11. d4 c6 12. c4 Nc7 13. Be3 h6 14. Qd2 Kh7
15. Bc2 Be6 16. Bd3 b5 1/2-1/2

[Event "Kandidatenturnier"]
[Site "Tübingen"]
[Date "2007.08.28"]
[Round "4"]
[White "Sand, Rolf"]
[Black "Hadziselimovic, Adnan"]
[Result "1-0"]
[WhiteElo "2108"]
[BlackElo "1687"]
[PlyCount "73"]
[EventDate "2007.??.??"]

1. e4 d5 2. exd5 Qxd5 3. Nc3 Qa5 4. d4 Nf6 5. Bc4 Bf5 6. Bd2 c6 7. Qe2 e6 8. d5
cxd5 9. Nxd5 Qd8 10. Nxf6+ gxf6 11. O-O-O Qc7 12. Bc3 Be7 13. Nf3 Nc6 14. Nd4
Nxd4 15. Rxd4 a6 16. g4 Bg6 17. Rhd1 Rd8 18. Rxd8+ Bxd8 19. h4 Qf4+ 20. Kb1 e5
21. Rd4 Qh2 22. h5 Qh1+ 23. Rd1 Qc6 24. hxg6 hxg6 25. f4 Rh1 26. Be1 Ba5 27.
Bxa5 Qxc4 28. Qd2 Rxd1+ 29. Qxd1 Kf8 30. fxe5 fxe5 31. g5 e4 32. Bd8 b5 33. Bf6
Qc8 34. Be5 a5 35. Bf6 Ke8 36. b3 a4 37. Qe2 1-0

[Event "Kandidatenturnier"]
[Site "Tübingen"]
[Date "2007.08.28"]
[Round "4"]
[White "Sautter, Elke"]
[Black "Haist, Winfried"]
[Result "1/2-1/2"]
[WhiteElo "2006"]
[BlackElo "2139"]
[PlyCount "52"]
[EventDate "2007.??.??"]

1. e4 d6 2. d3 Nf6 3. g3 Bg4 4. f3 Bd7 5. Be3 e5 6. Bg2 d5 7. Ne2 Nc6 8. O-O
Qc8 9. Re1 Bh3 10. Bh1 dxe4 11. dxe4 Qe6 12. Qd3 Bb4 13. c3 Ba5 14. Na3 O-O 15.
Qc4 Qe7 16. Bg2 Be6 17. Qa4 Bb6 18. Nc2 Rfd8 19. Rad1 Nd7 20. Nc1 Na5 21. Bf1
h5 22. Qb5 Qf6 23. Qe2 Nc4 24. Bxb6 Ndxb6 25. b3 Na5 26. Nd3 Qe7 1/2-1/2

[Event "Kandidatenturnier"]
[Site "Tübingen"]
[Date "2007.08.28"]
[Round "4"]
[White "Schuster, Gerhard"]
[Black "Klaus, Daniel"]
[Result "1/2-1/2"]
[WhiteElo "2041"]
[BlackElo "1994"]
[PlyCount "91"]
[EventDate "2007.??.??"]

1. e4 c5 2. Nf3 e6 3. c3 Nf6 4. e5 Nd5 5. d4 cxd4 6. cxd4 b6 7. Bc4 Bb7 8. O-O
Be7 9. Na3 O-O 10. Nb5 d6 11. Re1 a6 12. exd6 Bxd6 13. Bg5 Qd7 14. Nxd6 Qxd6
15. Bh4 b5 16. Bd3 Nd7 17. Bg3 Qb6 18. Rc1 N7f6 19. Be5 Rfc8 20. Bb1 h6 21. Qd2
Rxc1 22. Rxc1 Rc8 23. Rxc8+ Bxc8 24. a3 a5 25. Qc2 Bb7 26. Qc5 Nd7 27. Qd6 Qxd6
28. Bxd6 f6 29. Bd3 Bc6 30. Bg6 Nf8 31. Bd3 Kf7 32. h4 Ke8 33. h5 Kf7 34. Nh4
a4 35. Ng6 Nd7 36. g3 N7b6 37. Kf1 Nc4 38. Bxc4 bxc4 39. Ke2 c3 40. bxc3 Nxc3+
41. Ke3 Nd5+ 42. Kd2 Bb5 43. Bc5 Bc6 44. Bd6 Bb5 45. Bc5 Bc6 46. Bd6 1/2-1/2

[Event "Kandidatenturnier"]
[Site "Tübingen"]
[Date "2007.08.28"]
[Round "4"]
[White "Guski, Dietmar"]
[Black "Wiebusch, Marc"]
[Result "1/2-1/2"]
[WhiteElo "2093"]
[BlackElo "1901"]
[PlyCount "70"]
[EventDate "2007.??.??"]

1. e4 e5 2. Nf3 Nc6 3. d4 exd4 4. Bc4 Nf6 5. e5 d5 6. Bb5 Ne4 7. Nxd4 Bc5 8.
Be3 Bxd4 9. Qxd4 O-O 10. Bxc6 bxc6 11. Nc3 Ng5 12. O-O-O a5 13. f4 Ne6 14. Qa4
Bd7 15. f5 c5 16. Qg4 d4 17. Ne4 Kh8 18. fxe6 Bxe6 19. Qh5 Qd5 20. Ng3 Qxa2 21.
Bg5 Qa1+ 22. Kd2 Qxb2 23. Qf3 Qb4+ 24. Ke2 d3+ 25. Kf2 dxc2 26. Rd3 Bg4 27. Qc6
Qb2 28. Rc1 Qxe5 29. Be3 Rad8 30. Rxd8 Rxd8 31. Rxc2 Re8 32. Qxc5 Qa1 33. Rc1
Qa2+ 34. Rc2 Qa1 35. Rc1 Qa2+ 1/2-1/2

[Event "Kandidatenturnier"]
[Site "Tübingen"]
[Date "2007.08.28"]
[Round "4"]
[White "Reichel, Jonathan"]
[Black "Kracke, Moritz"]
[Result "0-1"]
[WhiteElo "1882"]
[BlackElo "2054"]
[PlyCount "99"]
[EventDate "2007.??.??"]

1. d4 Nf6 2. c4 e6 3. Nf3 d5 4. Bg5 Nbd7 5. e3 c6 6. Nc3 Qa5 7. Nd2 Bb4 8. Qc2
O-O 9. Be2 e5 10. Bxf6 Nxf6 11. a3 exd4 12. exd4 Re8 13. Nb3 Bxc3+ 14. bxc3 Qa4
15. cxd5 Bf5 16. Qb2 Nxd5 17. O-O Rxe2 18. Qxe2 Qxb3 19. Rfe1 h6 20. c4 Bd3 21.
Qf3 Qxc4 22. Rad1 Bg6 23. h4 Nf6 24. Qf4 Qd5 25. Qc7 Qd7 26. Qxd7 Nxd7 27. Re7
Bf5 28. d5 Kf8 29. d6 Be6 30. Rb1 b6 31. Re1 c5 32. f4 Rd8 33. h5 Bg4 34. f5
Bxh5 35. Kh2 Bg4 36. Kg3 Bxf5 37. Rf1 g6 38. Kh4 h5 39. Kg5 Kg7 40. a4 Nf8 41.
Rd1 Ne6+ 42. Kh4 Nd4 43. Rxa7 Rxd6 44. a5 bxa5 45. Rxa5 Nf3+ 46. gxf3 Rxd1 47.
Rxc5 Rg1 48. f4 Rg4+ 49. Kh3 Rxf4+ 50. Kh2 0-1

[Event "Kandidatenturnier"]
[Site "Tübingen"]
[Date "2007.08.28"]
[Round "4"]
[White "Altimira Roses, Jordi"]
[Black "Birkholz, Axel"]
[Result "1/2-1/2"]
[WhiteElo "1803"]
[BlackElo "2008"]
[PlyCount "43"]
[EventDate "2007.??.??"]

1. e4 c5 2. Nf3 Nc6 3. d4 cxd4 4. Nxd4 Nf6 5. Nc3 d6 6. Bg5 e6 7. Qd2 a6 8.
O-O-O h6 9. Bxf6 gxf6 10. f4 h5 11. Kb1 Bd7 12. Be2 Rc8 13. Rhe1 Qc7 14. Nxc6
Bxc6 15. Bf3 Be7 16. f5 e5 17. Qe2 h4 18. Nd5 Bxd5 19. Rxd5 Qc4 20. Qd2 Rc5 21.
Be2 Rxd5 22. Qxd5 1/2-1/2

[Event "Kandidatenturnier"]
[Site "Tübingen"]
[Date "2007.08.28"]
[Round "4"]
[White "Ruprich, Udo"]
[Black "Hittinger, Immanuel"]
[Result "1/2-1/2"]
[WhiteElo "2061"]
[BlackElo "1865"]
[PlyCount "78"]
[EventDate "2007.??.??"]

1. e4 c6 2. d4 d5 3. Nc3 dxe4 4. Nxe4 Bf5 5. Ng3 Bg6 6. Nf3 Nd7 7. Bd3 e6 8.
O-O Qc7 9. Re1 Ngf6 10. Bg5 Be7 11. Qd2 Bxd3 12. Qxd3 h6 13. Bxf6 Nxf6 14. Rad1
O-O 15. c3 c5 16. Qe2 cxd4 17. Nxd4 Bc5 18. Ne4 Nxe4 19. Qxe4 Qb6 20. Rd2 Rfd8
21. Red1 Bxd4 22. cxd4 Rd5 23. f4 Rad8 24. Kf2 Qa5 25. b3 Qb4 26. Ke3 Rc8 27.
Rc2 Rc3+ 28. Rxc3 Qxc3+ 29. Qd3 Qxd3+ 30. Rxd3 Kf8 31. Rc3 Ke7 32. g4 Kd7 33.
Ke4 g6 34. Rh3 Ra5 35. a4 b5 36. axb5 Rxb5 37. Rc3 Kd6 38. h3 a6 39. h4 a5
1/2-1/2

[Event "Kandidatenturnier"]
[Site "Tübingen"]
[Date "2007.08.28"]
[Round "4"]
[White "Deffner, Manfred"]
[Black "Reck, Moritz"]
[Result "1/2-1/2"]
[WhiteElo "1847"]
[BlackElo "2111"]
[PlyCount "68"]
[EventDate "2007.??.??"]

1. d4 g6 2. c4 Bg7 3. Nc3 d6 4. e4 Nd7 5. Be3 e5 6. d5 Ne7 7. Qd2 O-O 8. Bd3 f5
9. f3 Nf6 10. O-O-O a6 11. Kb1 Rb8 12. Ba7 Ra8 13. Be3 fxe4 14. Bxe4 Nf5 15.
Bf2 Bh6 16. Qe1 Rf7 17. Bc2 Bd7 18. h4 Bg7 19. Nge2 Bf8 20. g4 Ng7 21. Ng3 b5
22. cxb5 axb5 23. Be3 c5 24. Nce4 Nxe4 25. Bxe4 Qa5 26. Qxa5 Rxa5 27. h5 gxh5
28. Nxh5 Nxh5 29. Rxh5 Be8 30. Rdh1 Raa7 31. Bf5 Rxf5 32. Rxf5 Bg6 33. Rhh5 Rf7
34. Rhg5 Be7 1/2-1/2